• 首页
  • 本馆介绍
  • 公告通知
  • 最新文献
  • 馆藏检索
  • 电子资源
  • 读者导购
  • 参考咨询
  • 我的图书馆
  • 登录
  • 详细信息显示
  • 放入我的书架
  • 预约/预借图书
  • 作者相关作品
  • 分类相关作品
  • 丛书相关作品
  • 出版社相关作品

书目信息

  • 表格格式
  • 工作单格式
  • 卡片格式
题名:
中国发展问题报告
    
 
作者: 张国 , 林善浪 主编
分册:  
出版信息: 北京   中国社会科学出版社  2001
页数: 506页
开本: 26cm
丛书名:
单 册:
中图分类: F120.2
科图分类:
主题词: 社会主义经济--经济理论--中国
电子资源:
ISBN: 7-5004-3167-8
000 00619nam0 2200205 45
001 0204170917
005 20041213110906.0
010    @a7-5004-3167-8@dCNY38.00
100    @a20020417d2001 km y0chiy0120 ea
101 0  @achi
105    @ak z 000yy
200 1  @a中国发展问题报告@AZhong Guo Fa Zhan Wen Ti Bao Gao@f张国,林善浪主编@FZhang Guo,Lin Shan Lang Zhu Bian
210    @a北京@c中国社会科学出版社@d2001
215    @a506页@d26cm
606 0  @a社会主义经济@x经济理论@x中国
690    @aF120.2@v4
701  0 @a张国@4主编
701  0 @a林善浪@4主编
801    @aCN@bTSTC@c20020417
905    @b308571-575@dF120.2@e118@f5
    
    中国发展问题报告/张国,林善浪主编.-北京:中国社会科学出版社,2001
    506页;26cm
    
    
    ISBN 7-5004-3167-8:CNY38.00
    
●
相关链接 在E读中查询图书 在五车中查询图书 在当当中查询图书 在豆瓣中查询图书


正题名:中国发展问题报告     索取号:F120.2/118         预约/预借

序号 登录号 条形码 馆藏地/架位号 状态 备注
1 0308571   203085712   第一借阅区/ [索取号:F120.2/118] 在馆    
2 0308572   203085721   第一借阅区/ [索取号:F120.2/118] 在馆    
3 0308573   203085730   第一借阅区/ [索取号:F120.2/118] 在馆    
4 0308574   203085749   第一借阅区/ [索取号:F120.2/118] 在馆    
5 0308575   203085758   第一样本阅览室/ [索取号:F120.2/118] 在馆    
唐山师范学院图书馆 欢迎您!
大连网信软件有限公司© 版权所有